000 00992nam a22003137a 4500
001 0004707
003 KOHA_MİRAKIL
005 20260207001423.0
007 ta
008 090506b1993 enk |||gr||||#0|||1|eng |
020 _a0631180028
040 _aTR-BiSEU
_btur
_cTR-BiSEU
_erda
041 0 _aeng
044 _cenk
050 _aPE1128
_b.M38 1993
100 1 _aMcDonough, Jo..
245 1 _aMaterials and methods in ELT: a teacher's guide/
_cJo. McDonough ; Jo McDonough and Christopher Shaw.
264 1 _aOxford, UK ; Cambridge, USA :
_bBlackwell
_c1993
300 _axi, 318 sayfa: resimli
336 _ametin
_btxt
_2rdacontent
337 _aaracısız
_bn
_2rdamedia
338 _acilt
_bnc
_2rdacarrier
490 0 _aApplied language studies
500 _aIncludes bibliographical references and index.
650 0 _aEnglish language--Study and teaching--Foreign speakers.
_911598
830 0 _aApplied language studies
_911599
907 _aDil
942 _2lcc
_cBK
999 _c4689
_d4689